Das neue Zuwanderungsrecht: Textausgabe mit Einführung, Übergangsregelungen und allen Verordnungen ; [mit den aktuellen Gesetzesänderungen vom 14. März 2005]
| Otros Autores: | ; |
|---|---|
| Tipo de documento: | Print Libro |
| Lenguaje: | Alemán |
| Publicado: |
Stuttgart München Hannover Berlin Weimar Dresden
Boorberg
2005
|
| En: | Año: 2005 |
| Edición: | 2., überarb. und erw. Aufl., Stand: 17. März 2005 |
| Acceso en línea: |
Índice Índice |
| Disponibilidad en Tübingen: | Disponible en Tübingen. IFK: G VII 99 |
| Verificar disponibilidad: | HBZ Gateway |
| Servicio de pedido Subito: | Pedir ahora. |
| Palabras clave: |
MARC
| LEADER | 00000cam a2200000 c 4500 | ||
|---|---|---|---|
| 001 | 479051682 | ||
| 003 | DE-627 | ||
| 005 | 20251223205635.0 | ||
| 007 | tu | ||
| 008 | 050209s2005 gw ||||| 00| ||ger c | ||
| 015 | |a 05,N08,0503 |2 dnb | ||
| 015 | |a 05,A25,0487 |2 dnb | ||
| 016 | 7 | |a 973562102 |2 DE-101 | |
| 020 | |a 3415035190 |q Pb. : EUR 13.80, sfr 24.00 |9 3-415-03519-0 | ||
| 024 | 3 | |a 9783415035195 | |
| 035 | |a (DE-627)479051682 | ||
| 035 | |a (DE-603)12821953X | ||
| 035 | |a (DE-576)115891706 | ||
| 035 | |a (DE-599)DNB973562102 | ||
| 035 | |a (OCoLC)231996205 | ||
| 035 | |a (OCoLC)231996205 | ||
| 035 | |a (DE-601)479051682 | ||
| 040 | |a DE-627 |b ger |c DE-627 |e rakwb | ||
| 041 | |a ger | ||
| 044 | |c XA-DE | ||
| 050 | 0 | |a KK6044 | |
| 082 | 0 | |a 340 |q OCLC | |
| 082 | 0 | 4 | |a 340 |
| 084 | |a R 572 |2 sfb | ||
| 084 | |a PN 430 |2 rvk |0 (DE-625)rvk/137498: | ||
| 084 | |a 86.53 |2 bkl | ||
| 245 | 0 | 4 | |a Das neue Zuwanderungsrecht |b Textausgabe mit Einführung, Übergangsregelungen und allen Verordnungen ; [mit den aktuellen Gesetzesänderungen vom 14. März 2005] |c hrsg. von Christian Storr und Rainer Albrecht |
| 250 | |a 2., überarb. und erw. Aufl., Stand: 17. März 2005 | ||
| 263 | |a Pb. : EUR 13.80, sfr 24.00 | ||
| 264 | 1 | |a Stuttgart |a München |a Hannover |a Berlin |a Weimar |a Dresden |b Boorberg |c 2005 | |
| 300 | |a 362 S. |c 181 mm x 108 mm | ||
| 336 | |a Text |b txt |2 rdacontent | ||
| 337 | |a ohne Hilfsmittel zu benutzen |b n |2 rdamedia | ||
| 338 | |a Band |b nc |2 rdacarrier | ||
| 583 | 1 | |a Archivierung/Langzeitarchivierung gewährleistet |f PEBW |x XA-DE-BW |2 pdager |5 DE-24 | |
| 583 | 1 | |a Archivierung/Langzeitarchivierung gewährleistet |f PESN |x XA-DE-SN |2 pdager |5 DE-14 | |
| 583 | 1 | |a Archivierung/Langzeitarchivierung gewährleistet |f PENI |x XA-DE-NI |2 pdager |5 DE-35 | |
| 650 | 0 | |a Emigration and immigration law |x Germany | |
| 650 | 0 | |a Aliens |x Germany | |
| 650 | 0 | |a Naturalization |x Germany | |
| 650 | 4 | |a Deutschland | |
| 650 | 4 | |a Zuwanderung | |
| 650 | 4 | |a Ausländerrecht | |
| 651 | 0 | |a Germany |x Emigration and immigration | |
| 655 | 7 | |a Quelle |0 (DE-588)4135952-5 |0 (DE-627)105661236 |0 (DE-576)209665084 |2 gnd-content | |
| 689 | 0 | 0 | |d g |0 (DE-588)4011882-4 |0 (DE-627)104704861 |0 (DE-576)208896155 |a Deutschland |2 gnd |
| 689 | 0 | 1 | |d s |0 (DE-588)4315666-6 |0 (DE-627)126600457 |0 (DE-576)211175757 |a Zuwanderung |2 gnd |
| 689 | 0 | 2 | |d s |0 (DE-588)4003734-4 |0 (DE-627)104162635 |0 (DE-576)208852662 |a Ausländerrecht |2 gnd |
| 689 | 0 | |5 DE-101 | |
| 689 | 1 | 0 | |d g |0 (DE-588)4011882-4 |0 (DE-627)104704861 |0 (DE-576)208896155 |a Deutschland |2 gnd |
| 689 | 1 | 1 | |d s |0 (DE-588)4315666-6 |0 (DE-627)126600457 |0 (DE-576)211175757 |a Zuwanderung |2 gnd |
| 689 | 1 | 2 | |d s |0 (DE-588)4003734-4 |0 (DE-627)104162635 |0 (DE-576)208852662 |a Ausländerrecht |2 gnd |
| 689 | 1 | 3 | |d s |0 (DE-588)4003338-7 |0 (DE-627)106389890 |0 (DE-576)208851194 |a Asylrecht |2 gnd |
| 689 | 1 | |5 (DE-627) | |
| 700 | 1 | |a Storr, Christian |d 1968- |e Hrsg. |0 (DE-588)131847422 |0 (DE-627)51449803X |0 (DE-576)188110569 |4 edt | |
| 700 | 1 | |a Albrecht, Rainer |d 1958-2021 |e HerausgeberIn |0 (DE-588)131847511 |0 (DE-627)514498641 |0 (DE-576)298791587 |4 edt | |
| 856 | 4 | 2 | |u http://www.gbv.de/dms/hebis-mainz/toc/12821953X.pdf |m V:DE-603 |m B:DE-77 |q pdf/application |x Verlag |y Inhaltsverzeichnis |3 Inhaltsverzeichnis |7 1 |
| 856 | 4 | 2 | |u http://scans.hebis.de/HEBCGI/show.pl?12821953_toc.pdf |m V:DE-603;B:DE-77 |q application/pdf |3 Inhaltsverzeichnis |7 1 |
| 889 | |w (DE-627)1954246757 | ||
| 935 | |i Blocktest | ||
| 935 | |h HEB |i 0501 | ||
| 935 | |h HEB |i 0503 | ||
| 936 | r | v | |a PN 430 |b Aufenthaltsrecht, Ausländerrecht, Asylrecht, Asylverfahrensrecht |k Rechtswissenschaft |k Verwaltungswissenschaften und Verwaltungsrecht |k Besonderes Verwaltungsrecht |k Recht der öffentlichen Sicherheit und Ordnung |k Aufenthaltsrecht, Ausländerrecht, Asylrecht, Asylverfahrensrecht |0 (DE-627)1271302039 |0 (DE-625)rvk/137498: |0 (DE-576)201302039 |
| 936 | b | k | |a 86.53 |j Ausländerrecht |j Asylrecht |0 (DE-627)106422294 |
| 936 | s | n | |a p100 |2 mzub |
| 951 | |a BO | ||
| ELC | |b 1 | ||
| LOK | |0 000 xxxxxcx a22 zn 4500 | ||
| LOK | |0 001 3196714004 | ||
| LOK | |0 003 DE-627 | ||
| LOK | |0 004 479051682 | ||
| LOK | |0 005 20160129110426 | ||
| LOK | |0 008 160129||||||||||||||||ger||||||| | ||
| LOK | |0 040 |a DE-21-110 |c DE-627 |d DE-21-110 | ||
| LOK | |0 689 |a s |a Zuwanderungsrecht | ||
| LOK | |0 689 |a f |a Einführung | ||
| LOK | |0 689 |a s |a Aufenthaltserlaubnis | ||
| LOK | |0 689 |a s |a Beschäftigung | ||
| LOK | |0 689 |a s |a Asyl | ||
| LOK | |0 852 |a DE-21-110 | ||
| LOK | |0 852 1 |c G VII 99 |m p |9 00 | ||
| LOK | |0 938 |a 1601 | ||
| LOK | |0 938 |k p | ||
| LOK | |0 939 |a 2016-01-29 |b l01 | ||
| ORI | |a WA-MARC-krimdoka001.raw | ||
| SIG | |a IFK: G VII 99 | ||
| TIM | |a 100019901003_100020261231 |b 1990-10-03 - 2026 | ||
